| 000 | 01108nam a22002777a 4500 | ||
|---|---|---|---|
| 003 | dpl | ||
| 005 | 20180818122834.0 | ||
| 008 | 180818b xxu||||| |||| 00| 0 eng d | ||
| 010 | _aA-982179 | ||
| 020 |
_c350.00 _a8173152861 |
||
| 035 | _aA-982179, A-982184 | ||
| 037 | _bCen Lib/Ret | ||
| 040 |
_aDPL _bHN _c0 |
||
| 082 |
_aउ _bभटना |
||
| 100 |
_aभटनागर, राजेंद्र मोहन _944709 |
||
| 245 |
_aन गोपी न राधा / _cराजेंद्र मोहन भटनागर |
||
| 246 |
_aNa gopi na radha / _bby Rajendra Mohan Bhatnagar |
||
| 260 |
_aनई दिल्ली _bप्रभात प्रकाशन _c1999 |
||
| 270 |
_bनई दिल्ली _a4/19, आसफ अली रोड _e110002 |
||
| 300 |
_a467पृ. _c20सेमी(सजिल्द) |
||
| 650 |
_aहिन्दी -- साहित्य _9100370 |
||
| 650 |
_aहिन्दी -- उपन्यास _9100371 |
||
| 650 |
_aHindi literature _9100372 |
||
| 650 |
_aHindi - Novel _9100373 |
||
| 942 |
_2ddc _cHN _hउ _mभटना |
||
| 999 |
_c121702 _d121702 |
||